000 00483nam a22001697a 4500
008 150925b xxu||||| |||| 00| 0 eng d
020 _a0078251001
041 0 _aeng
080 _a744.3
245 0 0 _aMechanical drawing :
_cThomas E. French ... [et al.].
250 _a13th ed.
260 _aNew York :
_bGregg Division, McGraw-Hill,
300 _a864 f.:
_bme il.;
_c27 cm.
650 0 _aVizatim mekanik
700 1 _aFrench, Thomas Ewing,
942 _2udc
_cBK
999 _c1184
_d1184